O regime jurídico das empresas estatais após a emenda constitucional n° 19/1988 / (Record no. 303)

MARC details
000 -LÍDER
Campo Fixo de Controle 00755cam a2200229 a 4500
001 - NÚMERO DE CONTROLE
Campo de Controle 303
003 - IDENTIFICAÇÃO DO NÚMERO DE CONTROLE
Campo de Controle BR-CuiBMT
005 - DATA E HORA DA ÚLTIMA ATUALIZAÇÃO
Campo de Controle 20231027235654.0
008 - DADOS FIXOS
Dados Fixos 230928s2012 mgb 000 0 por d
020 ## - INTERNATIONAL STANDARD BOOK NUMBER
Nº do ISBN 9788577006182
040 ## - AGÊNCIA CATALOGADORA
Código da Agência Catalogadora BR-CuiBMT
Agência que transcreveu o registro BR-CuiBMT
080 ## - Nº DA CLASSIFICAÇÃO DECIMAL UNIVERSAL
Nº edição CDU 2007
Nº Class. CDU 351.712:334.724.6
090 ## - NÚMERO DE CHAMADA
Nº classificação 351.712:334.724.6
Cutter B455r
100 1# - ENTRADA PRINCIPAL -- AUTOR PESSOAL
Nome pessoal Bemquerer, Marcos
245 12 - TÍTULO PRINCIPAL
Título principal O regime jurídico das empresas estatais após a emenda constitucional n° 19/1988 /
Indicação de responsabilidade Marcos Bemquerer ; Benjamin Zymler, prefácio.
260 ## - PUBLICAÇÃO, DISTRIBUIÇÃO, ETC.
Local de publicação Belo Horizonte :
Editora Fórum,
Data 2012.
300 ## - DESCRIÇÃO FÍSICA
N. páginas ou volumes 211 p. ;
Dimensões 21 cm
504 ## - NOTA DE BIBLIOGRAFIA, ETC.
Nota de bibliografia Inclui bibliografia.
650 ## - ASSUNTO TÓPICO
Cabeçalho tópico ou nome geográfico Empresa estatal
Subdivisão geral Licitação
Subdivisão geográfica Brasil
650 ## - ASSUNTO TÓPICO
Cabeçalho tópico ou nome geográfico Empresa estatal
Subdivisão geral Regime jurídico
Subdivisão geográfica Brasil
942 ## - ELEMENTOS DE ENTRADA ADICIONAIS (KOHA)
Fonte de classificação ou esquema de arquivamento Classificação Decimal Universal
Tipo de item do Koha Livros
Holdings
Estado: removido Estado: perdido Fonte de classificação ou esquema de arquivamento Estado: danificado Indisponível para empréstimo Localização permanente Localização atual Data de aquisição Total Checkouts Número de Chamada completo Código de barras Date last seen Número do exemplar Preço efetivo a partir de Tipo de item (Koha)
    Classificação Decimal Universal     Biblioteca da Escola Superior de Contas do TCE/MT Biblioteca da Escola Superior de Contas do TCE/MT 28/06/2023   351.712:334.724.6 B455r BIBTCEMT23090095 28/09/2023 Ex. 1 28/09/2023 Livros

Powered by Koha